Quizzes
Events
Quiz Creation
Community
Videos
Private Events
Remove Ads
Sign In
Join for FREE
Feedback
Dark Mode
Quiz Categories
Sports
Geography
Music
Movies
Television
Just For Fun
Miscellaneous
History
Literature
Language
Science
Gaming
Entertainment
Religion
Holiday
For Kids
Quiz Lab
Recent
Popular Today
Quiz Kudos Today
Editor Picks
Curator Picks
Quizzes by...
Day
Popularity
Type
Ratings
Length
Year
Community
Subscriptions
Recent Discussions
Orange Saloon
Badges
Playlists
Quests
Create
Leaderboards
Showdown
Live 5
Trivia Bingo
Activity
Puzzle Library
Sporcle Events
Private Events
Virtual Trivia
Globe League
Become a Host
Pub Owners
SporcleCon
Opinionation
Our Games
Videos
Blog
Mobile Apps
Partnerships
Remove Ads and Go Orange
Feedback
Sports
Athletes
MLB
NBA
NHL
NFL
Soccer
Sports Teams
WWE
NCAA
Football
Premier League
Basketball
Baseball
Hockey
Golf
Tennis
Cricket
Rugby
Auto Racing
Olympics
World Cup
Sports
Athletes
MLB
NBA
NHL
NFL
Soccer
Sports Teams
WWE
NCAA
Football
Premier League
Basketball
Baseball
Hockey
Golf
Tennis
Cricket
Rugby
Auto Racing
Olympics
World Cup
Random Quiz
Search Sporcle
×
Quiz Lab
Quiz Lab
Sports
Baseball
Type in answers that appear in a list
Type in answers that appear in a list
Classic
Best Score? Go Orange.
MLB - Yankees Yearly Hits Leaders Stats
Can you name the Yankees' yearly hits leaders since 1920?
By
alekx
7m
91 Questions
4,624 Plays
4,624 Plays
4,624 Plays
Comments
Comments
Give Quiz Kudos
Give Quiz Kudos
-
- Ratings
hide this ad
Replay
Link that replays current quiz
Next Quiz
Link to next quiz in quiz playlist
You Got
0%
They Got
Avg Score
67%
Avg Friend Score
Upgrade to see
Score Distribution
Jump to the score distribution portion of the page
Score
0/91
Timer
07:00
0
Plays Today
Year
Player
% Correct
2009
Derek Jeter
99%
2007
Derek Jeter
99%
2006
Derek Jeter
99%
2005
Derek Jeter
99%
2004
Derek Jeter
99%
2001
Derek Jeter
99%
2000
Derek Jeter
99%
1999
Derek Jeter
99%
1998
Derek Jeter
99%
1997
Derek Jeter
99%
1996
Derek Jeter
99%
1926
Babe Ruth
98.1%
1924
Babe Ruth
98.1%
1923
Babe Ruth
98.1%
1921
Babe Ruth
98.1%
1959
Mickey Mantle
96.5%
1958
Mickey Mantle
96.5%
1957
Mickey Mantle
96.5%
1956
Mickey Mantle
96.5%
1955
Mickey Mantle
96.5%
1952
Mickey Mantle
96.5%
1934
Lou Gehrig
95.5%
1933
Lou Gehrig
95.5%
1932
Lou Gehrig
95.5%
1931
Lou Gehrig
95.5%
1930
Lou Gehrig
95.5%
1928
Lou Gehrig
95.5%
1948
Joe DiMaggio
94.3%
1947
Joe DiMaggio
94.3%
1942
Joe DiMaggio
94.3%
1941
Joe DiMaggio
94.3%
Year
Player
% Correct
1940
Joe DiMaggio
94.3%
1937
Joe DiMaggio
94.3%
1936
Joe DiMaggio
94.3%
1992
Don Mattingly
89.6%
1988
Don Mattingly
89.6%
1987
Don Mattingly
89.6%
1986
Don Mattingly
89.6%
1985
Don Mattingly
89.6%
1984
Don Mattingly
89.6%
1954
Yogi Berra
87%
1951
Yogi Berra
87%
1995
Bernie Williams
84.2%
1980
Reggie Jackson
78.9%
1978
Thurman Munson
75.5%
1975
Thurman Munson
75.5%
1994
Paul O'Neill
72.9%
1983
Dave Winfield
67.2%
1981
Dave Winfield
67.2%
1950
Phil Rizzuto
63.1%
1949
Phil Rizzuto
63.1%
2003
Alfonso Soriano
62.4%
2002
Alfonso Soriano
62.4%
1982
Willie Randolph
59.7%
1979
Willie Randolph
59.7%
1974
Bobby Murcer
53.8%
1973
Bobby Murcer
53.8%
1972
Bobby Murcer
53.8%
1971
Bobby Murcer
53.8%
1993
Wade Boggs
49%
1970
Roy White
47%
1968
Roy White
47%
Year
Player
% Correct
1979
Chris Chambliss
44.2%
1976
Chris Chambliss
44.2%
1966
Bobby Richardson
43.7%
1964
Bobby Richardson
43.7%
1963
Bobby Richardson
43.7%
1962
Bobby Richardson
43.7%
1961
Bobby Richardson
43.7%
1977
Mickey Rivers
42%
1991
Steve Sax
41.9%
1989
Steve Sax
41.9%
1929
Earle Combs
40.2%
1927
Earle Combs
40.2%
1925
Earle Combs
40.2%
2008
Bobby Abreu
32.8%
1922
Wally Pipp
32.2%
1960
Moose Skowron
31.6%
1990
Roberto Kelly
29.5%
1965
Tom Tresh
28.2%
1946
Charlie Keller
26.4%
1943
Billy Johnson
24.9%
1969
Horace Clarke
23.4%
1967
Horace Clarke
23.4%
1945
Snuffy Stirnweiss
21.2%
1944
Snuffy Stirnweiss
21.2%
1953
Gil McDougald
19.5%
1939
Red Rolfe
17.3%
1938
Red Rolfe
17.3%
1935
Red Rolfe
17.3%
1920
Del Pratt
2.9%
Quiz Playlist
Details
Report
Send in Message
Add To Playlist
Classic:
Type in answers that appear in a list
Quiz Source
Last Updated: Jun 12, 2017
Quiz Scoreboard
CHALLENGE
Sign Up to Join the Scoreboard
Show All
Scores
Hide
Comments
May contain spoilers
Recently Published
Alphabetical 'K' Countries by Flag Minefield
by ylime102
Geography
3m
Pick 6: Fruits
by JohnFran
Miscellaneous
15s
Click the 1999 NBA Draft
by nibperrychub
Sports
2m
More to Explore
Quiz From the Vault
Featured Blog Post
15 Basketball Trivia Facts You Can Be March Mad About
hide this ad
You Might Also Like...
Tags
Baseball Quiz
MLB Quiz
Year Quiz
1920
hit
New York Yankees
Player
Today's Top Quizzes in Sports
Browse Sports
hide this ad
Today's Top Quizzes in Baseball
Browse Baseball
Top Contributed Quizzes in Sports
1
Les joueurs à 100 buts en Ligue 1 Uber Eats
2
Pick 6: NFL Teams
3
MLB 2 truths and a lie: Hall of Fame pitchers
4
2022 World Cup Stars
5
Criteria MLB: Left Handed Sluggers
6
Millionaire: NBA Finals Edition
7
Pick 6: Minor League Baseball
8
Click the 1998 NBA Draft
9
Don't Strike Out: 3000 Strikeouts
10
Pick 6: Olympics
Explore More
Trending Topics
Anime
Marvel
Kpop
Disney
Crossword
NBA
Harry Potter
Song
Country
WWE
Puzzle
The Office
NFL
Pokémon
Soccer
hide this ad
More By:
alekx
Quiz
Plays
Rating
Category
Featured
Created
MLB - Yankees Yearly Home Run Leaders
6,549
4.57
Sports
Mar 3, 2010
MLB - Yankees Yearly Hits Leaders
4,624
4.00
Sports
Mar 4, 2010
MLB: Final Pitch of World Series
263
4.20
Sports
Feb 24, 2010
Go to Creator's Profile
Score Distribution
Quiz Creator Spotlight
alekx
Follow
Send a Message
Quizzes Created
-
Created Quiz Play Count
-
More By This Creator
Popular Quizzes Today
1
Countries of Asia Without Outlines Minefield
2
Find the US States - No Outlines Minefield
3
Pick 6: Fruits
4
Alphabetical 'K' Countries by Flag Minefield
5
The Countries of the World
6
Find the US States
7
US States
8
Find the Countries of Europe - No Outlines Minefield
More Sports Quizzes
Longest Serving Premier League Managers Of All-Time
Editor's Pick
Trending Quizzes
Pick 6: Harry Potter
Pick 6: Mountains
Pick 6: NFL Teams
Pick 6: Flags
Pick 6: Movie Franchises
Recently Updated
NWSL Teams
pecheneg
Women's Final Four Teams by Year
bhenderson79
Presidents Quartet II
eogle
Anything But Clue(do)
eogle
Anything But Oceanian Capitals
eogle
Anything But 7
eogle
Anything But Thing
eogle
Word Ladder: February 29
pecheneg
Song Title Questions
pecheneg
Women's NCAA Tournament #1 Seeds
pecheneg
Trending Topics
NBA
Marvel
Kpop
Harry Potter
Anime
Disney
Crossword
WWE
Pokémon
Puzzle
Song
NFL
Soccer
The Office
Country
Your Account Isn't Verified!
In order to create a playlist on Sporcle, you need to verify the email address you used during registration. Go to your
Sporcle Settings
to finish the process.
Report this User
Report this user for behavior that violates our
Community Guidelines
.
Details:
Send Report
Go to the Sporcle.com Mobile Site →
Comments